Η αγωγή των καθυστερημένων παιδιών : οι αρχές της και οι μέθοδοι της εφαρμογής σε όλα τα παιδιά
Αποθηκεύτηκε σε:
| Κύριος συγγραφέας: | |
|---|---|
| Άλλοι συγγραφείς: | |
| Μορφή: | Βιβλίο |
| Γλώσσα: | Greek French |
| Δημοσίευση: |
Αθήνα :
Δίπτυχο,
1985.
|
| Έκδοση: | 4η εκδ. |
| Σειρά: | Το παιδί, τα προβλήματά του, η λύση τους (Δίπτυχο)
; 4 |
| Θέματα: | |
| Ετικέτες: |
Προσθήκη ετικέτας
Δεν υπάρχουν, Καταχωρήστε ετικέτα πρώτοι!
|
MARC
| LEADER | 00000cam a2200000 i 4500 | ||
|---|---|---|---|
| 001 | 1/22833 | ||
| 008 | 931014s1985 gr | ||| |||| ||gre|| | ||
| 035 | |a 1987 |b 1 |c Αγορά/Τσιάκαλος |l 10036678 | ||
| 040 | |a GR-MY-UA |b gre |e aacr | ||
| 041 | 1 | |a gre |h fre | |
| 082 | 7 | |a 371.92803 |2 (22) | |
| 100 | 1 | |a Descceudres, Alice. | |
| 245 | 1 | 2 | |a Η αγωγή των καθυστερημένων παιδιών : |b οι αρχές της και οι μέθοδοι της εφαρμογής σε όλα τα παιδιά / |c Alice Descceudres ; μετάφραση: Γ. Α. Βασδέκη. |
| 250 | |a 4η εκδ. | ||
| 260 | |a Αθήνα : |b Δίπτυχο, |c 1985. | ||
| 300 | |a 454 σ. ; |c 21 εκ. | ||
| 490 | 1 | |a (Το παιδί, τα προβλήματά του, η λύση τους / Δίπτυχο ; |v 4) | |
| 500 | |a Τίτλος πρωτοτύπου: L'education des enfants arrieres, ses principes et se methodes application a tous les enfants | ||
| 650 | 0 | 0 | |a Children with mental disabilities |x Education. |
| 650 | 0 | 0 | |a Slow learning children |x Education. |
| 700 | 1 | |a Βασδέκης, Γεώργιος Α. |e trl | |
| 830 | 0 | |a Το παιδί, τα προβλήματά του, η λύση τους (Δίπτυχο) |v ; 4 | |
| 852 | |a INST |b RHODES |e 19931014 |h 371.92803 DES |p 005400003424 |q 005400003424 |t BK |y 0 | ||
| 852 | |a INST |b RHODES |c AKA |e 20220908 |h 371.92803 DES |p 005400043032 |q 005400043032 |t BK |y 0 | ||
| 909 | |a Ρ |b 006166 | ||
| 970 | |z 14-10-1993 | ||